Missing Word: Latin American History (A-Z) Quiz Stats

Quiz Updated May 14, 2015

Challenge
Share
Tweet
Embed
Score 0/26 Timer 04:00
1 Play Today
Hint Answer % Correct
____ CastroFidel
96.2%
One Hundred ____ of SolitudeYears
95.9%
____ PicchuMachu
92.5%
____ PerónEva
90%
____ BolívarSimón
88.1%
Pancho ____Villa
85%
Like ____ for ChocolateWater
80.7%
____ ChávezHugo
79.1%
Frida ____Kahlo
69.9%
____ García MárquezGabriel
64%
Augusto ____Pinochet
57%
Emiliano ____Zapata
53%
Pablo ____Neruda
50.7%
Hint Answer % Correct
____ AllendeIsabel
49.9%
____ de San MartínJosé
43.5%
Jorge Luis ____Borges
31.9%
____ FujimoriAlberto
29.8%
____ RousseffDilma
24.8%
____ War, 1864-65Uruguayan
22.7%
____ AriasÓscar
21.5%
____ languagesQuechua
19.7%
____ AmaruTúpac
19.3%
Toussaint ____Louverture
19.1%
____ MenchúRigoberta
15.5%
Huayna ____Capac
8%
Lady ____Xoc
2.6%

Today's Daily Dose

Missing Word
1974 Movies A-Z

Word Ladder
The White Album

Quick Pick
Gods of War

On This Day
February 22nd II

You're not logged in!

Compare scores with friends on all Sporcle quizzes.
Sign Up with Email
OR
Log In

You Might Also Like...

Show Comments

Extras

Top Quizzes Today


Score Distribution

Your Account Isn't Verified!

In order to create a playlist on Sporcle, you need to verify the email address you used during registration. Go to your Sporcle Settings to finish the process.